| 000 | 01218nam a2200277 i 4500 | ||
|---|---|---|---|
| 001 | 170821 | ||
| 003 | ES-MaACL | ||
| 005 | 20250808062746.0 | ||
| 008 | 090408s1954 sp |||| | spa d | ||
| 100 | 0 |
_aTomás de Aquino, _cSanto _9110514 |
|
| 240 | 1 | 0 |
_aSumma theologica. _lEspañol-Latín |
| 245 | 1 | 0 |
_aSuma teológica. _nT. XII / _cde Santo Tomás de Aquino ; texto latino de la edición crítica Leonina ; traducción y anotaciones por una comisión de PP. Dominicos presidida por Francisco Barbado Viejo ; introducción general por Santiago Ramírez. |
| 260 |
_aMadrid : _bLa Editorial Católica, _c1954. |
||
| 300 |
_aXVI, 684 p. ; _c20 cm. |
||
| 490 | 1 |
_aBiblioteca de autores cristianos ; _v131 |
|
| 505 | 8 | _aContiene : Tratado de la vida de Cristo / versión e introducciones de Alberto Colunga | |
| 546 | _aTexto en latín y castellano. | ||
| 700 | 1 |
_aBarbado Viejo, Francisco, _cObispo de Salamanca. _9139678 |
|
| 700 | 0 |
_aRamírez, Santiago. _995112 |
|
| 700 | 0 |
_aColunga Cueto, Alberto. _939913 |
|
| 740 | 0 | _aTratado de la vida de Cristo. | |
| 830 | 0 | 0 |
_aBiblioteca de autores cristianos _v131 _9178679 |
| 852 |
_aES-MaACL _jJ-129 _9R.46092 |
||
| 999 |
_c170821 _d170821 |
||